Cognición y percepción lingüísticas: comunicaciones presentadas al VI Congreso Internacional de Lingüística Hispánica
Spremljeno u:
| Glavni autori: | , |
|---|---|
| Format: | Knjiga |
| Jezik: | španjolski |
| Izdano: |
Valencia
Enrique Serra
2004
Valencia Gerd Wotjak 2004 |
| Teme: | |
| Oznake: |
Dodaj oznaku
Bez oznaka, Budi prvi tko označuje ovaj zapis!
|
MARC
| LEADER | 00000nam a2200000 a 4500 | ||
|---|---|---|---|
| 001 | UCK3843 | ||
| 003 | CL-VaPUC | ||
| 005 | 20230628074144.0 | ||
| 008 | 050513e20040000sp 1 spa d | ||
| 020 | |a 8437060516 | ||
| 044 | |a sp |2 marc | ||
| 044 | |a sp |2 marc | ||
| 082 | 0 | 4 | |a 401.9 |b SER |2 21 |
| 100 | 1 | |a Serra, Enrique |e author |9 620705 | |
| 700 | 1 | |a Wotjak, Gerd |e author |9 620706 | |
| 245 | 1 | 0 | |a Cognición y percepción lingüísticas: comunicaciones presentadas al VI Congreso Internacional de Lingüística Hispánica |
| 260 | |a Valencia |b Enrique Serra |c 2004 | ||
| 260 | |a Valencia |b Gerd Wotjak |c 2004 | ||
| 300 | |a v | ||
| 583 | |a last modification |c 20171010 03:26:57 |k Rodrigo Vera | ||
| 650 | 0 | 0 | |a Psicolingüística |9 283371 |
| 650 | 0 | 0 | |a Cognición |9 270347 |
| 650 | 0 | 0 | |a Percepción visual |9 267039 |
| 650 | 0 | 7 | |a PERCEPCION AUDITIVA |2 CL-VaPUC |9 620707 |
| 650 | 0 | 0 | |a Comprensión de lectura |9 307588 |
| 942 | |c BK | ||
| 945 | |a cmena |d 20050513 00:00:00 | ||
| 546 | |a En Español | ||
| 536 | |a Universidad de Leipzig | ||
| 518 | |p Congreso Internacional de Lingüística Hispánica, 6, Leipzig, 8-12 de octubre de 2003 | ||
| 999 | |c 384121 |d 384119 | ||
| 952 | |0 0 |1 0 |4 0 |6 401_900000000000000_SER_2004 |7 0 |8 A |9 506595 |a FDOPOS |b FDOPOS |d 2020-01-23 |h v.3 |i 4124308 |o 401.9 SER 2004 |p 4124308 |r 2025-01-22 |w 2020-01-23 |y BK |k MLA | ||